000
00268nam a22001217a 4500
020
_a
0-439-34436-0
082
_a
823
_b
WES/G
100
_a
WEST, TRACEY
245
_a
GOOD MONSTER, BAD MONSTER
260
_a
USA
_b
SCHOLASTIC
650
_a
ENGLISH SHORT STORY
942
_c
BK
999
_c
3253
_d
3253